Constantine the Great.
Filled with dramatic re-enactments and action-packed battle scenes, watch the dramatic story of one of history's greatest empires, from its first major battle to its remarkable military feats and through its eventual fall.
| Other Authors: | |
|---|---|
| Format: | Video |
| Language: | English |
| Language Notes: | In English. Original language in English. |
| Published: |
New York, NY :
A&E Television Networks,
2008.
|
| Series: | Rome: Rise and Fall of an Empire ;
10 |
| Subjects: | |
| Online Access: | Connect to this streaming video (Alexander Street Press) |
MARC
| Tag | First Indicator | Second Indicator | Subfields |
|---|---|---|---|
| LEADER | 00000cgm a2200000Mi 4500 | ||
| 001 | in00005604530 | ||
| 006 | m o c | ||
| 007 | cr |n||||||||a | ||
| 007 | vz |za|z| | ||
| 008 | 160329s2008 nyu051 e o vneng d | ||
| 005 | 20241201234435.9 | ||
| 035 | |a (OCoLC)on1347661112 | ||
| 040 | |a VJA |b eng |e rda |c VJA |d OCLCL |d DXU | ||
| 019 | |a 1378986847 | ||
| 035 | |a (OCoLC)1347661112 |z (OCoLC)1378986847 | ||
| 049 | |a TXAM | ||
| 245 | 0 | 0 | |a Constantine the Great. |
| 264 | 1 | |a New York, NY : |b A&E Television Networks, |c 2008. | |
| 300 | |a 1 online resource (51 minutes). | ||
| 306 | |a 005013 | ||
| 336 | |a two-dimensional moving image |b tdi |2 rdacontent | ||
| 337 | |a video |b v |2 rdamedia | ||
| 337 | |a computer |b c |2 rdamedia | ||
| 338 | |a other |b vz |2 rdacarrier | ||
| 338 | |a online resource |b cr |2 rdacarrier | ||
| 347 | |a data file |2 rda | ||
| 490 | 0 | |a Rome: Rise and Fall of an Empire ; |v 10 | |
| 546 | |a In English. | ||
| 546 | |a Original language in English. | ||
| 500 | |a Title from resource description page (viewed March 29, 2016). | ||
| 520 | |a Filled with dramatic re-enactments and action-packed battle scenes, watch the dramatic story of one of history's greatest empires, from its first major battle to its remarkable military feats and through its eventual fall. | ||
| 650 | 4 | |a Religion and Belief Systems. | |
| 650 | 4 | |a War and Violence. | |
| 650 | 4 | |a Battles. | |
| 650 | 4 | |a Christianity. | |
| 650 | 4 | |a Political alliances. | |
| 650 | 4 | |a Political intrigue. | |
| 650 | 4 | |a Religious conversions. | |
| 650 | 4 | |a Religious persecution. | |
| 651 | 4 | |a Roman Empire (Historical Place) | |
| 655 | 4 | |a Documentary. | |
| 700 | 1 | |a Anders, Leif, |e narrator. | |
| 758 | |i has work: |a Constantine the Great (MovingImage) |1 https://id.oclc.org/worldcat/entity/E39PD3bmrmDFFDGxmBWrwcqPHy |4 https://id.oclc.org/worldcat/ontology/hasWork | ||
| 856 | 4 | 0 | |u http://proxy.library.tamu.edu/login?url=https://www.aspresolver.com/aspresolver.asp?AVN2;1792996 |z Connect to this streaming video (Alexander Street Press) |t 0 |
| 955 | |a Alexander Street Press subscription streaming video | ||
| 994 | |a 92 |b TXA | ||
| 999 | f | f | |s bcff9f5d-1999-42bf-a984-e3ce55ad2f95 |i 28da87c8-5853-45b3-bf86-dcc4088d1111 |t 0 |
| 952 | f | f | |a Texas A&M University |b College Station |c Electronic Resources |d Available Online |t 0 |h Library of Congress classification |
| 998 | f | f | |t 0 |l Available Online |